| 000 | 00000nam##2200000za#4500 |
| 001 | 9.699277 |
| 003 | CaOODSP |
| 005 | 20220825082846 |
| 007 | cr ||||||||||| |
| 008 | 150407|2000||||xxc|||||o f|0| 0 eng|d |
| 040 | |aCaOODSP|beng |
| 043 | |an-cn--- |
| 086 | 1 |aEn40-591/2000E-PDF |
| 110 | 2 |aSt. Lawrence Centre. |
| 245 | 14|aThe unfolding story of the zebra mussel in the St. Lawrence River / |h[electronic resource]|cresearch and writing, Georges Costan and Yves de Lafontaine. |
| 246 | 1 |iAt head of title : |aSt. Lawrence Centre |
| 260 | |aMontreal - Quebec : |bEnvironment Canada. |cc2000. |
| 300 | |a8p.|bcoloured illus., graphs, map, references, tables, photographs |
| 500 | |a"This publication is part of the St. Lawrence Vision 2000 Action Plan"--p.8 of 8. The catalogue number (En40-591/2000E) and ISBN (0-662-28810-6) for the print edition have been copied in this electronic publication. |
| 590 | |a14-21-Supp|b2014-12-11 |
| 690 | 07|aAnimal populations|2gcpds |
| 690 | 07|aEnvironmental impact|2gcpds |
| 690 | 07|aRivers|2gcpds |
| 690 | 07|aShellfish|2gcpds |
| 775 | 08|tPrésence de la moule zébrée dans le Saint-Laurent - à suivre... / |w(CaOODSP)9.643252 |
| 856 | 40|ahttp://publications.gc.ca|qPDF|s531 KB|uhttps://publications.gc.ca/collections/collection_2014/ec/En40-591-2000-eng.pdf |